[Event "NAYCC U08"]
[Site "Toronto CAN"]
[Date "2013.08.17"]
[Round "6"]
[White "Xu, Bernie"]
[Black "Zhu, Max"]
[Result "0-1"]
[WhiteElo "1123"]
[BlackElo "880"]
[PlyCount "96"]
[GameId "2160767909250372"]
[EventDate "2013.08.14"]
[EventType "swiss"]
[EventRounds "9"]
[EventCountry "CAN"]
[SourceTitle "EXT 2022"]
[Source "ChessBase"]
[SourceDate "2021.10.06"]
[SourceVersion "1"]
[SourceVersionDate "2021.10.06"]
[SourceQuality "1"]

1. d4 d5 2. c4 c6 3. Nc3 Nf6 4. Bg5 e6 5. e3 Be7 6. Be2 O-O 7. Nf3 h6 8. Bh4 Ne8 9. Bxe7 Qxe7 10. O-O Nf6 11. Ne5 Nbd7 12. Qd3 Nxe5 13. dxe5 Nd7 14. f4 dxc4 15. Qxc4 b5 16. Qd3 Nc5 17. Qc2 b4 18. Ne4 Nxe4 19. Qxe4 Bb7 20. Bd3 g6 21. Qf3 c5 22. Qg3 Rad8 23. Rad1 Rd5 24. Bc2 Rfd8 25. Qg4 Rd2 26. Rxd2 Rxd2 27. Rf2 Qd8 28. Qg3 Ba6 29. h3 Rxc2 30. Kh2 Rxf2 31. Qxf2 Qd5 32. b3 c4 33. bxc4 Bxc4 34. Qb2 a5 35. a4 bxa3 36. Qxa3 Qd2 37. Qd6 Qxd6 38. exd6 Bb5 39. Kg3 a4 40. Kf3 a3 41. Ke4 a2 42. Ke5 a1=Q+ 43. Ke4 f5+ 44. Kf3 Bc6+ 45. Kg3 Qe1+ 46. Kh2 Qf2 47. e4 Bxe4 48. d7 Qxg2# 0-1

[Event "NAYCC U08"]
[Site "Toronto CAN"]
[Date "2013.08.17"]
[Round "6"]
[White "Xu, Sivan"]
[Black "Hawthorn, Henry"]
[Result "0-1"]
[WhiteElo "694"]
[BlackElo "1668"]
[PlyCount "78"]
[GameId "2160767909250373"]
[EventDate "2013.08.14"]
[EventType "swiss"]
[EventRounds "9"]
[EventCountry "CAN"]
[SourceTitle "EXT 2022"]
[Source "ChessBase"]
[SourceDate "2021.10.06"]
[SourceVersion "1"]
[SourceVersionDate "2021.10.06"]
[SourceQuality "1"]

1. e4 c5 2. d4 cxd4 3. Qxd4 Nc6 4. Qd1 Nf6 5. Nc3 e5 6. Nf3 Bc5 7. Bc4 O-O 8. Bg5 h6 9. Bh4 Be7 10. Bxf6 Bxf6 11. Qd6 Be7 12. Qd5 d6 13. h3 Be6 14. Qd3 Nb4 15. Qd2 Bxc4 16. b3 Ba6 17. Nd5 Nxd5 18. Qxd5 Qc7 19. c4 Bf6 20. O-O Qc5 21. Qd3 b5 22. Qd2 Rfd8 23. Rac1 Qb6 24. Qd5 bxc4 25. bxc4 Bb7 26. Qd3 Qc6 27. Rc3 Qxe4 28. Qxe4 Bxe4 29. Nd2 Bg6 30. Rc2 Bxc2 31. Rc1 Bg6 32. Nb3 Rac8 33. c5 Bg5 34. Rc3 Bf4 35. g3 Bg5 36. h4 Bf6 37. c6 e4 38. c7 Bxc3 39. cxd8=Q+ Rxd8 0-1

[Event "NAYCC U08"]
[Site "Toronto CAN"]
[Date "2013.08.17"]
[Round "6"]
[White "Zhao, Jonathan"]
[Black "Lalwani, Jay"]
[Result "1-0"]
[WhiteElo "1196"]
[BlackElo "1509"]
[PlyCount "49"]
[GameId "2160767909250374"]
[EventDate "2013.08.14"]
[EventType "swiss"]
[EventRounds "9"]
[EventCountry "CAN"]
[SourceTitle "EXT 2022"]
[Source "ChessBase"]
[SourceDate "2021.10.06"]
[SourceVersion "1"]
[SourceVersionDate "2021.10.06"]
[SourceQuality "1"]

1. d4 d5 2. Nf3 Nf6 3. e3 c5 4. c3 e6 5. Bd3 c4 6. Bc2 Bd6 7. Nbd2 O-O 8. O-O Re8 9. e4 Nbd7 10. e5 Bxe5 11. dxe5 Ng4 12. Re1 Qb6 13. Qe2 Nc5 14. h3 Nh6 15. Nf1 Nf5 16. Ne3 Rd8 17. Rd1 Na6 18. Bxf5 exf5 19. Nxd5 Qc5 20. Nf6+ gxf6 21. Rxd8+ Kg7 22. exf6+ Kxf6 23. Bg5+ Kg6 24. Rg8+ Kh5 25. Nd4# 1-0

[Event "NAYCC U08"]
[Site "Toronto CAN"]
[Date "2013.08.17"]
[Round "7"]
[White "Bayaraa, Chinguun"]
[Black "Low, Kevin"]
[Result "1-0"]
[WhiteElo "1729"]
[BlackElo "1451"]
[PlyCount "83"]
[GameId "2160767909250375"]
[EventDate "2013.08.14"]
[EventType "swiss"]
[EventRounds "9"]
[EventCountry "CAN"]
[SourceTitle "hb 2013"]

1. d4 d6 2. c4 e5 3. e3 Nd7 4. Nf3 Ngf6 5. Nc3 g6 6. b3 Bg7 7. Bb2 O-O 8. Be2 Re8 9. O-O e4 10. Nd2 Nf8 11. Re1 h5 12. f3 exf3 13. Bxf3 Ng4 14. Nf1 Nh7 15. h3 Ngf6 16. e4 Ng5 17. Nh2 Nd7 18. Rb1 Nf8 19. Nd5 c6 20. Nf4 Nfe6 21. Nxe6 Bxe6 22. d5 Qb6+ 23. Kh1 cxd5 24. cxd5 Bxb2 25. Rxb2 Bd7 26. Qd2 Nxf3 27. Nxf3 Rac8 28. Qh6 Qb4 29. Rbe2 Bb5 30. Ng5 Rc7 31. Rf1 f5 32. Rc2 Ree7 33. Rxc7 Rxc7 34. Qxg6+ Rg7 35. Qe6+ Kh8 36. Rxf5 Qe1+ 37. Kh2 Qf1 38. Rxf1 Bxf1 39. Qe8+ Rg8 40. Qxh5+ Kg7 41. Qh7+ Kf6 42. Qxg8 1-0

[Event "NAYCC U08"]
[Site "Toronto CAN"]
[Date "2013.08.17"]
[Round "7"]
[White "Bhanji, Areez"]
[Black "Kong, Brandon"]
[Result "1-0"]
[WhiteElo "204"]
[BlackElo "832"]
[PlyCount "63"]
[GameId "2160767909250376"]
[EventDate "2013.08.14"]
[EventType "swiss"]
[EventRounds "9"]
[EventCountry "CAN"]
[SourceTitle "hb 2013"]

1. e4 e5 2. Nf3 Nc6 3. Nc3 Nf6 4. Bb5 a6 5. Bxc6 dxc6 6. Nxe5 Qd4 7. Nf3 Nxe4 8. Nxd4 Bc5 9. Nxe4 Bxd4 10. O-O O-O 11. d3 Re8 12. Qf3 b5 13. Qg3 Bb7 14. Bh6 c5 15. c3 Be5 16. Qg4 Re6 17. Bf4 Rg6 18. Qf3 Bxf4 19. Qxf4 Rd8 20. Rad1 Re8 21. Rfe1 Rf8 22. Re3 f5 23. Nf6+ Rfxf6 24. Rh3 Rxg2+ 25. Kf1 Rfg6 26. Qe3 Bc6 27. Re1 a5 28. Qe5 R2g5 29. Rg3 Rxg3 30. hxg3 Rh6 31. d4 Bf3 32. Qe8# 1-0

[Event "NAYCC U08"]
[Site "Toronto CAN"]
[Date "2013.08.17"]
[Round "7"]
[White "Doknjas, Neil"]
[Black "Radin, Andrew"]
[Result "1-0"]
[WhiteElo "1281"]
[BlackElo "766"]
[PlyCount "35"]
[GameId "2160767909250378"]
[EventDate "2013.08.14"]
[EventType "swiss"]
[EventRounds "9"]
[EventCountry "CAN"]
[SourceTitle "hb 2013"]

1. e4 e5 2. Nf3 Nc6 3. d4 exd4 4. Nxd4 Bc5 5. Be3 Nf6 6. Nxc6 dxc6 7. Qxd8+ Kxd8 8. Bxc5 b6 9. Bd4 Nxe4 10. Nc3 Nf6 11. O-O-O Ke7 12. Bc4 Ng4 13. f3 Nf6 14. f4 c5 15. Rhe1+ Kf8 16. Bxc5+ Kg8 17. Rd8+ Ne8 18. Rdxe8# 1-0

[Event "NAYCC U08"]
[Site "Toronto CAN"]
[Date "2013.08.17"]
[Round "7"]
[White "Gan, David"]
[Black "Tang, Matthew"]
[Result "0-1"]
[WhiteElo "731"]
[BlackElo "1031"]
[PlyCount "104"]
[GameId "2160767909250379"]
[EventDate "2013.08.14"]
[EventType "swiss"]
[EventRounds "9"]
[EventCountry "CAN"]
[SourceTitle "hb 2013"]

1. e4 e5 2. Nf3 Nc6 3. Bc4 Nf6 4. d3 Bc5 5. O-O d6 6. h3 Be6 7. Bxe6 fxe6 8. b3 d5 9. Nbd2 Qd6 10. a4 O-O-O 11. a5 dxe4 12. Ne1 exd3 13. Nxd3 e4 14. Nxc5 Qxc5 15. Qe2 Nd4 16. Qc4 Qxc4 17. Nxc4 Nxc2 18. Ra2 Nd4 19. b4 a6 20. Be3 Nb5 21. Na3 Nxa3 22. Rxa3 Rd3 23. Rxd3 exd3 24. f3 Nd5 25. Bc5 Rd8 26. Rd1 Nc3 27. Rd2 e5 28. Kh2 e4 29. fxe4 Nxe4 30. Rd1 Nxc5 31. bxc5 Rd5 32. c6 bxc6 33. Kg3 c5 34. Kf3 c4 35. Ke3 Kd7 36. Ke4 c6 37. Ke3 Kd6 38. g4 Kc5 39. Kf3 Kb4 40. Kf2 Kc3 41. Ke1 d2+ 42. Ke2 Kc2 43. Rh1 d1=Q+ 44. Rxd1 Rxd1 45. Kf3 Kb2 46. Kg3 c3 47. Kh4 c2 48. Kh5 c1=Q 49. g5 g6+ 50. Kh6 Rd7 51. h4 Qd1 52. h5 Qxh5# 0-1

[Event "NAYCC U08"]
[Site "Toronto CAN"]
[Date "2013.08.17"]
[Round "7"]
[White "Guipi Bopala, Prince Eric jr"]
[Black "Lalwani, Jay"]
[Result "1-0"]
[WhiteElo "1509"]
[BlackElo "930"]
[PlyCount "91"]
[GameId "2160767909250380"]
[EventDate "2013.08.14"]
[EventType "swiss"]
[EventRounds "9"]
[EventCountry "CAN"]
[SourceTitle "hb 2013"]

1. e4 c5 2. Nf3 d6 3. d4 cxd4 4. Nxd4 Nf6 5. Nc3 g6 6. Be3 Bg7 7. f3 O-O 8. Qd2 Nc6 9. O-O-O Bd7 10. g4 Rc8 11. h4 Ne5 12. h5 Nc4 13. Bxc4 Rxc4 14. Rdg1 Qa5 15. Qd3 Rfc8 16. Nb3 Qb4 17. a3 Rxc3 18. bxc3 Qxa3+ 19. Kd2 Ne8 20. Ra1 Qb2 21. Bd4 Bxd4 22. Qxd4 Be6 23. Rhb1 Qxc3+ 24. Qxc3 Rxc3 25. Kxc3 gxh5 26. gxh5 a5 27. Nxa5 Nf6 28. h6 d5 29. Rxb7 Kf8 30. Nc6 dxe4 31. Rb8+ Ne8 32. fxe4 f5 33. exf5 Bxf5 34. Ne5 e6 35. Ra6 Ke7 36. Nc6+ Kf8 37. Ne5 Ke7 38. Ra7+ Kf8 39. Raa8 Bg6 40. Nxg6+ hxg6 41. Rxe8+ Kf7 42. h7 g5 43. h8=Q g4 44. Rg8 e5 45. Qxe5 g3 46. Raf8# 1-0

[Event "NAYCC U08"]
[Site "Toronto CAN"]
[Date "2013.08.17"]
[Round "7"]
[White "Hawthorn, Henry"]
[Black "Ettibaryan, Levon"]
[Result "1/2-1/2"]
[WhiteElo "1668"]
[BlackElo "608"]
[PlyCount "97"]
[GameId "2160767909250381"]
[EventDate "2013.08.14"]
[EventType "swiss"]
[EventRounds "9"]
[EventCountry "CAN"]
[SourceTitle "hb 2013"]

1. d4 d5 2. c4 e6 3. Nc3 Nc6 4. Nf3 Nf6 5. cxd5 exd5 6. Bf4 Bf5 7. e3 Bd6 8. Bxd6 Qxd6 9. Bd3 Bg6 10. a3 O-O-O 11. b4 Ne4 12. Bxe4 dxe4 13. Nd2 Rhe8 14. b5 Na5 15. Nb3 Nxb3 16. Qxb3 Qe6 17. d5 Qd6 18. a4 Bf5 19. a5 a6 20. bxa6 Qxa6 21. Qb4 Rd6 22. Rb1 b6 23. Ra1 b5 24. Rb1 Bd7 25. Nxb5 Bxb5 26. Qxb5 Qxb5 27. Rxb5 Re5 28. Ke2 Rexd5 29. Rhb1 Rd2+ 30. Ke1 Ra2 31. R1b2 Rxb2 32. Rxb2 Rd5 33. Ra2 Kb7 34. Ra4 Re5 35. a6+ Ka7 36. Rc4 Re7 37. Rc6 g6 38. g3 f5 39. Kf1 Kb8 40. Kg2 Rd7 41. h4 Rg7 42. f3 exf3+ 43. Kxf3 Ka7 44. g4 fxg4+ 45. Kxg4 h5+ 46. Kg5 Ka8 47. Rxg6 Rxg6+ 48. Kxg6 c5 49. Kf5 1/2-1/2

[Event "NAYCC U08"]
[Site "Toronto CAN"]
[Date "2013.08.17"]
[Round "7"]
[White "Hua, Charles"]
[Black "Wu, Nicholas"]
[Result "0-1"]
[WhiteElo "1440"]
[BlackElo "1194"]
[PlyCount "146"]
[GameId "2160767909250382"]
[EventDate "2013.08.14"]
[EventType "swiss"]
[EventRounds "9"]
[EventCountry "CAN"]
[SourceTitle "hb 2013"]

1. e4 e5 2. Nf3 Nc6 3. Bb5 a6 4. Ba4 Nf6 5. O-O b5 6. Bb3 Be7 7. c3 d5 8. exd5 Nxd5 9. Re1 O-O 10. Nxe5 Nxe5 11. Rxe5 Nf6 12. Re1 Bd6 13. d4 Ng4 14. h3 Qh4 15. Be3 Nxe3 16. Rxe3 Bf4 17. g3 Qg5 18. h4 Qg6 19. Bc2 f5 20. Rf3 Bd6 21. Nd2 Qh5 22. Re3 Qxd1+ 23. Rxd1 Bb7 24. c4 f4 25. Rc3 fxg3 26. fxg3 b4 27. Re3 Rae8 28. Rde1 Rxe3 29. Rxe3 c5 30. Nb3 cxd4 31. Rd3 Be5 32. Nxd4 Be4 33. Rd2 Bxd4+ 34. Rxd4 Bxc2 35. c5 Rc8 36. Rc4 Bd3 37. Rd4 Bb1 38. Rxb4 Bxa2 39. Ra4 Bb3 40. Rxa6 Rxc5 41. Rb6 Bd5 42. b3 Rc1+ 43. Kf2 Rb1 44. b4 Kf7 45. b5 Bc4 46. Rb7+ Kf6 47. b6 Bd5 48. Rd7 Be6 49. Rb7 Bc4 50. Rb8 Ba6 51. b7 Rxb7 52. Rxb7 Bxb7 53. g4 h6 54. Kg3 Ke5 55. h5 Ke4 56. Kh3 Kf4 57. Kh4 Bc8 58. Kh3 Bxg4+ 59. Kh4 Bxh5 60. Kxh5 g5 61. Kxh6 g4 62. Kg6 g3 63. Kf6 g2 64. Ke6 g1=Q 65. Kd5 Qe3 66. Kd6 Qe5+ 67. Kc6 Qe3 68. Kc7 Qe5+ 69. Kb6 Qc3 70. Ka7 Qb4 71. Ka8 Ke5 72. Ka7 Kd6 73. Ka8 Kc7 0-1

[Event "NAYCC U08"]
[Site "Toronto CAN"]
[Date "2013.08.17"]
[Round "7"]
[White "Hung, Daniel1"]
[Black "Lu, Maximillian"]
[Result "0-1"]
[WhiteElo "1598"]
[BlackElo "1655"]
[PlyCount "178"]
[GameId "2160767909250383"]
[EventDate "2013.08.14"]
[EventType "swiss"]
[EventRounds "9"]
[EventCountry "CAN"]
[SourceTitle "EXT 2022"]
[Source "ChessBase"]
[SourceDate "2021.10.06"]
[SourceVersion "1"]
[SourceVersionDate "2021.10.06"]
[SourceQuality "1"]

1. e4 c5 2. Nc3 a6 3. f4 b5 4. Nf3 Bb7 5. d3 e6 6. g3 Nf6 7. Bg2 Qc7 8. O-O d6 9. Re1 Nfd7 10. Qe2 Be7 11. b3 O-O 12. Bb2 Nb6 13. Nd1 N8d7 14. Nf2 d5 15. e5 c4 16. d4 Rac8 17. c3 Rfe8 18. Rec1 Qb8 19. b4 Na4 20. a3 Ndb6 21. Nd1 Qc7 22. Qc2 Qd7 23. g4 Nxb2 24. Nxb2 Kh8 25. h4 Qd8 26. Ng5 Bxg5 27. fxg5 f6 28. gxf6 gxf6 29. Re1 fxe5 30. Rxe5 Rc7 31. Rh5 Rg8 32. g5 Qe8 33. Rh6 Rg6 34. Rxg6 Qxg6 35. Qxg6 hxg6 36. Kh2 Rf7 37. Rf1 Kg7 38. Bh3 Rxf1 39. Bxf1 Kf7 40. Bh3 Bc6 41. Kg3 Be8 42. Kf4 Ke7 43. Bg4 Bf7 44. Bf3 Kd6 45. Bd1 Nd7 46. a4 e5+ 47. dxe5+ Nxe5 48. Ke3 Nc6 49. axb5 axb5 50. Bc2 Ke5 51. Nd1 d4+ 52. cxd4+ Nxd4 53. Bb1 Nf5+ 54. Bxf5 Kxf5 55. Nf2 Be8 56. Kf3 Ke5 57. Ke3 Bd7 58. Nh1 c3 59. Kd3 Kf4 60. Nf2 Kg3 61. Ne4+ Kxh4 62. Nf6 Bf5+ 63. Kxc3 Kxg5 64. Nh7+ Kf4 65. Kd4 g5 66. Kc5 g4 67. Nf6 Bd3 68. Nd5+ Kf3 69. Nc3 g3 70. Nxb5 Bxb5 71. Kxb5 g2 72. Kc6 g1=Q 73. b5 Qg6+ 74. Kc7 Qf7+ 75. Kc6 Qe8+ 76. Kb6 Qb8+ 77. Kc6 Ke4 78. b6 Ke5 79. b7 Ke6 80. Kc5 Qxb7 81. Kc4 Qd5+ 82. Kc3 Ke5 83. Kc2 Ke4 84. Kc3 Qd4+ 85. Kc2 Ke3 86. Kc1 Qd2+ 87. Kb1 Kd3 88. Ka1 Kc3 89. Kb1 Qb2# 0-1

[Event "NAYCC U08"]
[Site "Toronto CAN"]
[Date "2013.08.17"]
[Round "7"]
[White "Issani, Nameer"]
[Black "Palusa, Maurya"]
[Result "0-1"]
[WhiteElo "1425"]
[BlackElo "1624"]
[PlyCount "78"]
[GameId "2160767909250384"]
[EventDate "2013.08.14"]
[EventType "swiss"]
[EventRounds "9"]
[EventCountry "CAN"]
[SourceTitle "hb 2013"]

1. e4 c5 2. Nf3 e6 3. d4 cxd4 4. Nxd4 a6 5. Nc3 Qc7 6. Be2 Nf6 7. a3 d6 8. O-O Be7 9. Be3 O-O 10. f4 b5 11. Rf3 Bb7 12. Bd3 Nbd7 13. b4 Qxc3 14. Rg3 Bxe4 15. Ne2 Qc7 16. Qd2 Rac8 17. c3 Nb6 18. Bd4 Nc4 19. Qc2 Bxd3 20. Qxd3 e5 21. fxe5 dxe5 22. Bf2 e4 23. Qc2 Bd6 24. Rh3 Rfd8 25. Bd4 Be5 26. Qc1 Bxd4+ 27. Nxd4 Ne5 28. Qg5 Ng6 29. Rf1 Qe5 30. Rf5 Qd6 31. Rg3 h6 32. Qe3 Nd5 33. Ne2 Nxe3 34. Rxe3 Qb6 35. Nd4 Rxc3 36. Rxc3 Qxd4+ 37. Kf1 Qxc3 38. Rf2 Rd1+ 39. Ke2 Qd2# 0-1

[Event "NAYCC U08"]
[Site "Toronto CAN"]
[Date "2013.08.17"]
[Round "7"]
[White "Kulic, Mateo"]
[Black "Jeyakumar, Bhavatharshan"]
[Result "1-0"]
[WhiteElo "769"]
[BlackElo "558"]
[PlyCount "98"]
[GameId "2160767909250385"]
[EventDate "2013.08.14"]
[EventType "swiss"]
[EventRounds "9"]
[EventCountry "CAN"]
[SourceTitle "hb 2013"]

1. e4 e5 2. Nf3 Nc6 3. Bc4 Bc5 4. b4 Bd4 5. c3 Bxf2+ 6. Kxf2 Nf6 7. d3 O-O 8. Re1 h6 9. a4 a5 10. b5 Ne7 11. Nxe5 d6 12. Nf3 c6 13. Ba3 Qb6+ 14. d4 Ng6 15. Bb3 Bd7 16. Bxd6 cxb5 17. Bc5 Qc7 18. Bxf8 Rxf8 19. Na3 Qf4 20. Qd3 Qc7 21. axb5 Bg4 22. Qc4 Qxc4 23. Bxc4 a4 24. Nc2 Bxf3 25. gxf3 b6 26. Rxa4 Nf4 27. e5 Nh7 28. h4 Nh3+ 29. Kg3 g6 30. Kxh3 Rb8 31. Ra7 Rc8 32. Bb3 Rxc3 33. Re3 Rxe3 34. Nxe3 g5 35. hxg5 Nxg5+ 36. Kg4 Ne6 37. Bxe6 fxe6 38. Ra6 Kf7 39. Rxb6 Ke7 40. Rd6 Kf7 41. b6 Kg6 42. b7 h5+ 43. Kh4 Kh6 44. Rxe6+ Kg7 45. b8=Q Kf7 46. Qe8+ Kg7 47. Qg6+ Kf8 48. Qf5+ Kg8 49. Rg6+ Kh7 1-0

[Event "NAYCC U08"]
[Site "Toronto CAN"]
[Date "2013.08.17"]
[Round "7"]
[White "Liu, Owen"]
[Black "Luo, Owen"]
[Result "1-0"]
[WhiteElo "571"]
[BlackElo "992"]
[PlyCount "87"]
[GameId "2160767909250386"]
[EventDate "2013.08.14"]
[EventType "swiss"]
[EventRounds "9"]
[EventCountry "CAN"]
[SourceTitle "hb 2013"]

1. e4 g6 2. Nc3 Bg7 3. Nf3 Nf6 4. d4 O-O 5. g3 b6 6. Bg2 Bb7 7. O-O Bxe4 8. Nxe4 Nxe4 9. Re1 Nf6 10. Bd2 Nc6 11. b4 a6 12. b5 axb5 13. Qb1 b4 14. Bxb4 Nxb4 15. Qxb4 c5 16. Qb1 cxd4 17. Nxd4 Nd5 18. Bxd5 Bxd4 19. Bxa8 Qxa8 20. Rxe7 Bxa1 21. Qxa1 Qd8 22. Re3 f6 23. a3 f5 24. Qa2+ Kg7 25. c4 f4 26. Rf3 fxg3 27. Rxf8 Qxf8 28. hxg3 Qf7 29. Qb2+ Kf8 30. Qb4+ Kg7 31. a4 Kh6 32. c5 bxc5 33. Qxc5 g5 34. a5 Qf3 35. a6 Kh5 36. a7 Kg4 37. Qa5 d5 38. a8=Q Kh3 39. Q8xd5 Qe2 40. Qg2+ Kg4 41. Qb4+ Kh5 42. Qf1 Qxf1+ 43. Kxf1 h6 44. Kg2 1-0

[Event "NAYCC U08"]
[Site "Toronto CAN"]
[Date "2013.08.17"]
[Round "7"]
[White "Lu, Michael"]
[Black "Kang, Dorian"]
[Result "0-1"]
[WhiteElo "356"]
[BlackElo "1008"]
[PlyCount "70"]
[GameId "2160767909250387"]
[EventDate "2013.08.14"]
[EventType "swiss"]
[EventRounds "9"]
[EventCountry "CAN"]
[SourceTitle "hb 2013"]

1. d4 d5 2. c4 dxc4 3. e4 Nf6 4. e5 Nfd7 5. Bxc4 Nb6 6. Bb3 Nc6 7. Nf3 e6 8. Nc3 Bb4 9. O-O O-O 10. a3 Bxc3 11. bxc3 Nd5 12. Be3 Nxc3 13. Qc2 Nd5 14. Ba2 Nf6 15. exf6 Qxf6 16. Bb1 g6 17. Bh6 Rd8 18. Bg5 Qg7 19. Bxd8 Nxd8 20. Ne5 c6 21. Re1 f6 22. Ng4 e5 23. dxe5 Bxg4 24. exf6 Qxf6 25. Re8+ Kg7 26. Ba2 Kh6 27. Qd2+ Kh5 28. Rae1 h6 29. R1e5+ g5 30. Qd7 Bxd7 31. R8e7 Qd6 32. h3 c5 33. g4+ Kh4 34. Rh7 Kxh3 35. Rxh6+ Qxh6 0-1

[Event "NAYCC U08"]
[Site "Toronto CAN"]
[Date "2013.08.17"]
[Round "7"]
[White "Makaveev, Martin"]
[Black "Whittingham, Dieter"]
[Result "0-1"]
[WhiteElo "836"]
[BlackElo "625"]
[PlyCount "42"]
[GameId "2160767909250388"]
[EventDate "2013.08.14"]
[EventType "swiss"]
[EventRounds "9"]
[EventCountry "CAN"]
[SourceTitle "hb 2013"]

1. e4 e5 2. d4 exd4 3. Qxd4 Nc6 4. Qd1 d6 5. Nf3 Bg4 6. Be2 Qd7 7. O-O O-O-O 8. Bg5 Be7 9. Bxe7 Ngxe7 10. Nc3 Rdg8 11. Nd5 h5 12. Nxe7+ Nxe7 13. h3 Bxh3 14. gxh3 Qxh3 15. Nh2 Rh6 16. Bf3 Rg6+ 17. Kh1 Rf6 18. Bg2 Qh4 19. Qd4 Rg6 20. Kg1 Qg5 21. Nf3 Qxg2# 0-1

[Event "NAYCC U08"]
[Site "Toronto CAN"]
[Date "2013.08.17"]
[Round "7"]
[White "Mo, Aidan"]
[Black "Trakru, Rohun"]
[Result "0-1"]
[WhiteElo "1002"]
[BlackElo "1372"]
[PlyCount "86"]
[GameId "2160767909250389"]
[EventDate "2013.08.14"]
[EventType "swiss"]
[EventRounds "9"]
[EventCountry "CAN"]
[SourceTitle "hb 2013"]

1. e4 c5 2. Nf3 e6 3. d4 cxd4 4. Nxd4 Nc6 5. c4 Bb4+ 6. Nc3 Qh4 7. Ndb5 Qd8 8. Nd6+ Bxd6 9. Qxd6 Nge7 10. Nb5 O-O 11. Nc7 Rb8 12. Bg5 f6 13. Bh4 b6 14. e5 Nxe5 15. Nxe6 dxe6 16. Qxb8 N7c6 17. Qa8 Qc7 18. f4 Nd7 19. g3 Bb7 20. Qxf8+ Kxf8 21. Bg2 Nb4 22. O-O Nc2 23. Rac1 Ne3 24. Rf2 Nxg2 25. Rxg2 Bxg2 26. Kxg2 h6 27. g4 Qxf4 28. Rd1 Qxg4+ 29. Kh1 Qxd1+ 30. Kg2 Qg4+ 31. Bg3 Ne5 32. Kf2 Qxc4 33. Ke3 Ng4+ 34. Kf3 Ne5+ 35. Bxe5 fxe5 36. b3 Qf4+ 37. Ke2 Qxh2+ 38. Kd3 Qf4 39. a3 e4+ 40. Ke2 Qf3+ 41. Kd2 e3+ 42. Ke1 Qf2+ 43. Kd1 Qd2# 0-1

[Event "NAYCC U08"]
[Site "Toronto CAN"]
[Date "2013.08.17"]
[Round "7"]
[White "Noorali, Aahil"]
[Black "Pau, Ethan"]
[Result "1/2-1/2"]
[WhiteElo "1332"]
[BlackElo "1535"]
[PlyCount "69"]
[GameId "2160767909250390"]
[EventDate "2013.08.14"]
[EventType "swiss"]
[EventRounds "9"]
[EventCountry "CAN"]
[SourceTitle "hb 2013"]

1. e4 c5 2. Nf3 d6 3. c3 g6 4. Be2 Bg7 5. d4 cxd4 6. cxd4 Nf6 7. Nc3 O-O 8. O-O Re8 9. Bf4 Bg4 10. h3 Bxf3 11. Bxf3 e5 12. dxe5 dxe5 13. Qxd8 Rxd8 14. Bxe5 Nc6 15. Bg3 Rd2 16. b3 Nh5 17. Bxh5 gxh5 18. Rac1 Bxc3 19. Rxc3 Rxa2 20. Rc5 Rb2 21. Rb5 b6 22. Bd6 f6 23. Rxh5 Rxb3 24. Rc1 Nd4 25. Rc4 Nb5 26. Be7 Rb1+ 27. Kh2 Re8 28. Bxf6 Nd6 29. Rc7 Nxe4 30. Bd4 Rd1 31. Rg7+ Kf8 32. Rhxh7 Rxd4 33. Rf7+ Kg8 34. Rfg7+ Kf8 35. Rf7+ 1/2-1/2

[Event "NAYCC U08"]
[Site "Toronto CAN"]
[Date "2013.08.17"]
[Round "7"]
[White "Polavaram, Rithik S"]
[Black "Medina, Benjamin R"]
[Result "0-1"]
[WhiteElo "1562"]
[BlackElo "1606"]
[PlyCount "98"]
[GameId "2160767909250391"]
[EventDate "2013.08.14"]
[EventType "swiss"]
[EventRounds "9"]
[EventCountry "CAN"]
[SourceTitle "EXT 2022"]
[Source "ChessBase"]
[SourceDate "2021.10.06"]
[SourceVersion "1"]
[SourceVersionDate "2021.10.06"]
[SourceQuality "1"]

1. d4 Nf6 2. Bg5 g6 3. Bxf6 exf6 4. c4 Bg7 5. Nc3 O-O 6. Nf3 d6 7. e3 Nd7 8. Bd3 c5 9. O-O f5 10. Nb5 Nf6 11. dxc5 dxc5 12. Bc2 b6 13. Nc3 Bb7 14. Bd3 Qe7 15. Be2 Rfd8 16. Qc2 Ne4 17. Na4 Ng5 18. Nd2 Qc7 19. Nc3 a6 20. Rad1 Rd7 21. h4 Ne6 22. Bf3 Bxf3 23. Nxf3 Rad8 24. Rxd7 Rxd7 25. Rd1 Rxd1+ 26. Qxd1 Bxc3 27. bxc3 f4 28. exf4 Qxf4 29. Qd7 Qxc4 30. Ng5 Nxg5 31. Qd8+ Kg7 32. hxg5 Qxc3 33. Qxb6 Qc1+ 34. Kh2 Qxg5 35. Qxa6 Qf4+ 36. Kg1 c4 37. Qa5 Qd4 38. Qa4 Qa1+ 39. Kh2 Qe5+ 40. Kg1 Qe1+ 41. Kh2 Qe5+ 42. Kg1 c3 43. Qc4 Qe1+ 44. Kh2 Qd2 45. f4 c2 46. Qc7 c1=Q 47. Qe5+ f6 48. Qe7+ Kh6 49. Qf8+ Kh5 0-1

[Event "NAYCC U08"]
[Site "Toronto CAN"]
[Date "2013.08.17"]
[Round "7"]
[White "Shi, Stephen"]
[Black "Xu, Sivan"]
[Result "1-0"]
[WhiteElo "381"]
[BlackElo "694"]
[PlyCount "57"]
[GameId "2160767909250393"]
[EventDate "2013.08.14"]
[EventType "swiss"]
[EventRounds "9"]
[EventCountry "CAN"]
[SourceTitle "hb 2013"]

1. e4 e6 2. Nf3 d5 3. Bb5+ c6 4. Bd3 c5 5. b3 Nf6 6. e5 Ng4 7. Bb5+ Nc6 8. Bxc6+ bxc6 9. O-O Be7 10. d3 f6 11. d4 cxd4 12. Nxd4 fxe5 13. Nxc6 Qc7 14. Nxe7 Qxe7 15. Qxg4 Ba6 16. Re1 e4 17. Bg5 Qb4 18. Qxe6+ Kf8 19. Nd2 Re8 20. Qf5+ Kg8 21. Qxd5+ Kf8 22. Nxe4 Bb7 23. Qf5+ Kg8 24. Bf6 gxf6 25. Nxf6+ Kf8 26. Nxe8+ Kg8 27. Nf6+ Kg7 28. Nh5+ Kh6 29. Re6# 1-0

[Event "NAYCC U08"]
[Site "Toronto CAN"]
[Date "2013.08.17"]
[Round "7"]
[White "Sun, Frank"]
[Black "Guo, Roger"]
[Result "1-0"]
[WhiteElo "1097"]
[BlackElo "636"]
[PlyCount "33"]
[GameId "2160767909250394"]
[EventDate "2013.08.14"]
[EventType "swiss"]
[EventRounds "9"]
[EventCountry "CAN"]
[SourceTitle "hb 2013"]

1. e4 c5 2. Nf3 Nc6 3. Bc4 e6 4. c3 Nf6 5. e5 Nd5 6. d4 Be7 7. O-O O-O 8. Qd3 a6 9. a3 b5 10. Bxd5 exd5 11. Nbd2 c4 12. Qb1 Rb8 13. Qc2 d6 14. exd6 Bxd6 15. Nb1 Ne7 16. Ng5 Qc7 17. Qxh7# 1-0

[Event "NAYCC U08"]
[Site "Toronto CAN"]
[Date "2013.08.17"]
[Round "7"]
[White "Sydykhanov, Arman"]
[Black "Xu, Bernie"]
[Result "1-0"]
[WhiteElo "620"]
[BlackElo "1123"]
[PlyCount "81"]
[GameId "2160767909250395"]
[EventDate "2013.08.14"]
[EventType "swiss"]
[EventRounds "9"]
[EventCountry "CAN"]
[SourceTitle "hb 2013"]

1. e4 e6 2. d4 d5 3. e5 c5 4. c3 Qb6 5. Nf3 Nc6 6. Be3 Qxb2 7. Nbd2 Qxc3 8. Be2 cxd4 9. Rc1 Qb4 10. Rb1 Qa3 11. Nxd4 Nxd4 12. Bxd4 Bc5 13. Bxc5 Qxc5 14. Bb5+ Kf8 15. O-O a6 16. Qa4 Rb8 17. Rfc1 axb5 18. Rxc5 bxa4 19. Rbc1 Ne7 20. h3 Bd7 21. g4 Bc6 22. Rb1 g6 23. f4 Kg7 24. Nf3 h5 25. Nd4 hxg4 26. hxg4 Rhc8 27. Rf1 Bd7 28. Rxc8 Rxc8 29. a3 Nc6 30. Nxc6 Bxc6 31. g5 Rb8 32. Rb1 Rh8 33. Kf2 Rh2+ 34. Kg3 Ra2 35. Kh4 Rxa3 36. Rb2 Rb3 37. Re2 d4 38. Rd2 d3 39. Kg4 a3 40. Kh4 Bd5 41. Kg4 1-0

[Event "NAYCC U08"]
[Site "Toronto CAN"]
[Date "2013.08.17"]
[Round "7"]
[White "Tang, Andrew"]
[Black "Chor, Kevin"]
[Result "0-1"]
[WhiteElo "1593"]
[BlackElo "1781"]
[PlyCount "60"]
[GameId "2160767909250396"]
[EventDate "2013.08.14"]
[EventType "swiss"]
[EventRounds "9"]
[EventCountry "CAN"]
[SourceTitle "hb 2013"]

1. e4 c5 2. Nf3 g6 3. d4 cxd4 4. Nxd4 Bg7 5. Nc3 Nc6 6. Be3 Nf6 7. f3 O-O 8. Qd2 d5 9. Nxc6 bxc6 10. O-O-O Qc7 11. exd5 cxd5 12. Nxd5 Nxd5 13. Qxd5 Rb8 14. Qc5 Bxb2+ 15. Kd2 Rd8+ 16. Ke1 Bc3+ 17. Kf2 Ba5 18. Rxd8+ Qxd8 19. Qxa7 Rb1 20. g3 Re1 21. Bg2 Rxe3 22. g4 Bb6 23. Qb8 Re2+ 24. Kxe2 Ba6+ 25. Ke1 Qxb8 26. Kd2 Qf4+ 27. Kc3 Qd4+ 28. Kb3 Ba5 29. a3 Qc3+ 30. Ka2 Qxc2+ 0-1